[Event "Chigorin Memorial blitz 23rd"]
[Site "St Petersburg"]
[Date "2015.10.02"]
[Round "5"]
[White "Ganichev, Alexander"]
[Black "Pridorozhni, Aleksei"]
[Result "0-1"]
[WhiteElo "2225"]
[BlackElo "2575"]
[PlyCount "72"]
[EventDate "2015.10.02"]
[EventType "swiss (blitz)"]
[EventRounds "13"]
[EventCountry "RUS"]
[SourceTitle "CBM 168 Extra"]
[Source "ChessBase"]
[SourceDate "2015.10.29"]
[SourceVersion "1"]
[SourceVersionDate "2015.10.29"]
[SourceQuality "1"]

1. e4 e6 2. d4 d5 3. Nc3 dxe4 4. Nxe4 Bd7 5. Nf3 Bc6 6. Bd3 Nd7 7. 0-0 Ngf6 8. Nxf6+ Qxf6 9. Be2 h6 10. c4 Be4 11. Be3 Be7 12. Qb3 b6 13. Rad1 0-0 14. a3 Qg6 15. Ne1 c5 16. Bf3 cxd4 17. Bxd4 Nc5 18. Qe3 Bxf3 19. Nxf3 Rac8 20. b4 Na6 21. Rc1 Rfd8 22. Rfd1 Qf5 23. h3 Nb8 24. c5 bxc5 25. Bxc5 Rxd1+ 26. Rxd1 Bxc5 27. bxc5 Nc6 28. Rd7 e5 29. Rd6 f6 30. Qb3+ Kh7 31. Qb7 Nd4 32. Nxd4 exd4 33. Rd7 Rg8 34. c6 Qc2 35. Rxd4 Re8 36. Rd7 Qc1+ 0-1

[Event "St Petersburg-ch 88th"]
[Site "St Petersburg"]
[Date "2015.03.30"]
[Round "10"]
[White "Ganichev, Alexander"]
[Black "Alekseenko, Kirill"]
[Result "0-1"]
[WhiteElo "2238"]
[BlackElo "2512"]
[PlyCount "74"]
[EventDate "2015.03.21"]
[EventType "tourn"]
[EventRounds "11"]
[EventCountry "RUS"]
[EventCategory "6"]
[SourceTitle "CBM 165 Extra"]
[Source "ChessBase"]
[SourceDate "2015.04.21"]
[SourceVersion "1"]
[SourceVersionDate "2015.04.21"]
[SourceQuality "1"]

1. e4 e5 2. Nf3 Nc6 3. Bb5 a6 4. Ba4 Nge7 5. c3 g6 6. d4 exd4 7. cxd4 b5 8. Bb3 Bg7 9. 0-0 0-0 10. Nc3 d6 11. h3 Na5 12. Bc2 c5 13. dxc5 dxc5 14. Qe2 Qc7 15. e5 Be6 16. Re1 Nec6 17. Bf4 Nb4 18. Ng5 Nac6 19. Bb1 Nd4 20. Qe4 Rad8 21. Nxe6 fxe6 22. Bg5 Rd7 23. a3 Nbc6 24. f4 c4 25. Ba2 Nf5 26. Rad1 h6 27. Bf6 Bxf6 28. exf6 Rxf6 29. Rxd7 Qxd7 30. Rd1 Qa7+ 31. Kh2 Qc7 32. g3 g5 33. Ne2 Qb6 34. Rf1 Qe3 35. Bb1 Kg7 36. Rd1 Qf2+ 37. Kh1 Qxe2 0-1

[Event "St Petersburg rapid"]
[Site "St Petersburg"]
[Date "2015.03.15"]
[Round "6"]
[White "Levin, Evgeny A"]
[Black "Ganichev, Alexander"]
[Result "1-0"]
[WhiteElo "2529"]
[BlackElo "2238"]
[PlyCount "28"]
[EventDate "2015.03.14"]
[EventType "swiss (rapid)"]
[EventRounds "9"]
[EventCountry "RUS"]
[SourceTitle "CBM 165 Extra"]
[Source "ChessBase"]
[SourceDate "2015.04.21"]
[SourceVersion "1"]
[SourceVersionDate "2015.04.21"]
[SourceQuality "1"]

1. d4 d5 2. c4 e6 3. Nc3 c6 4. e3 Nf6 5. Nf3 Nbd7 6. Qc2 Bd6 7. b3 0-0 8. Be2 Qe7 9. 0-0 b6 10. Bb2 Bb7 11. Rad1 Rfd8 12. Rfe1 c5 13. cxd5 exd5 14. Bd3 Rac8 1-0

[Event "Chigorin Memorial 22nd"]
[Site "St Petersburg"]
[Date "2014.10.26"]
[Round "9"]
[White "Ganichev, Alexander"]
[Black "Pronin, Vladimir"]
[Result "1-0"]
[WhiteElo "2247"]
[BlackElo "2053"]
[PlyCount "53"]
[EventDate "2014.10.18"]
[EventType "swiss"]
[EventRounds "9"]
[EventCountry "RUS"]
[SourceTitle "EXT 2015"]
[Source "ChessBase"]
[SourceDate "2014.11.20"]
[SourceVersion "1"]
[SourceVersionDate "2014.11.20"]
[SourceQuality "1"]

1. e4 c5 2. Nf3 d6 3. d4 Nf6 4. dxc5 Nxe4 5. cxd6 Nc6 6. Na3 Qxd6 7. Be3 Qxd1+ 8. Rxd1 Nd6 9. Nb5 Nxb5 10. Bxb5 Bd7 11. 0-0 a6 12. Ba4 f6 13. Bb6 e5 14. Nd2 Rc8 15. Ne4 Nb8 16. Rxd7 Nxd7 17. Rd1 Rc6 18. Bxc6 bxc6 19. Ba5 Be7 20. Nd6+ Kf8 21. Nf5 Nb8 22. Bd8 Bc5 23. Bxf6 Kf7 24. Bxe5 Ke6 25. Bxg7 Rg8 26. Bd4 Rd8 27. Rd3 1-0

[Event "St Petersburg-ch rap"]
[Site "St Petersburg"]
[Date "2014.03.09"]
[Round "7"]
[White "Ganichev, Alexander"]
[Black "Sichinava, Zviad"]
[Result "1/2-1/2"]
[WhiteElo "2249"]
[BlackElo "2327"]
[PlyCount "110"]
[EventDate "2014.03.08"]
[EventType "swiss (rapid)"]
[EventRounds "9"]
[EventCountry "RUS"]
[SourceTitle "CBM 159 Extra"]
[Source "ChessBase"]
[SourceDate "2014.04.24"]
[SourceVersion "1"]
[SourceVersionDate "2014.04.24"]
[SourceQuality "1"]

1. e4 e6 2. d4 d5 3. Nc3 Bb4 4. e5 c5 5. a3 Ba5 6. b4 cxd4 7. Nb5 Bc7 8. f4 Bd7 9. Nxd4 Ne7 10. Ngf3 a6 11. c4 dxc4 12. Bxc4 Nbc6 13. Be3 Bb6 14. 0-0 Rc8 15. Rc1 Nxd4 16. Nxd4 Rxc4 17. Rxc4 Bb5 18. Rc1 Bxf1 19. Kxf1 0-0 20. Bf2 Nd5 21. Qf3 Bxd4 22. Bxd4 Nxb4 23. Bc5 Qd3+ 24. Qe2 Qf5 25. Rc4 Qb1+ 26. Qe1 Qxe1+ 27. Kxe1 Nd3+ 28. Ke2 b5 29. Rc2 Nxc5 30. Rxc5 Rb8 31. Kd3 Kf8 32. Kc3 a5 33. g3 Rb7 34. Kb3 f6 35. Rc6 Rd7 36. exf6 gxf6 37. Rxe6 Rd3+ 38. Kb2 Rd2+ 39. Kc3 Ra2 40. Kb3 Rxh2 41. Rxf6+ Kg7 42. Rf5 a4+ 43. Kb4 Rb2+ 44. Ka5 Rb3 45. Rxb5 Rxa3 46. Rg5+ Kf6 47. Kb4 Ra1 48. Rh5 Kg6 49. Rg5+ Kh6 50. Rg8 Kh5 51. g4+ Kh4 52. f5 a3 53. Kb3 Rf1 54. Kxa3 h5 55. gxh5 Kxh5 1/2-1/2

[Event "St Petersburg blitz prelim"]
[Site "St Petersburg"]
[Date "2013.12.22"]
[Round "2"]
[White "Ganichev, Alexander"]
[Black "Aleksandrov, Aleksej"]
[Result "0-1"]
[WhiteElo "2244"]
[BlackElo "2586"]
[PlyCount "68"]
[EventDate "2013.12.22"]
[EventType "swiss (blitz)"]
[EventRounds "11"]
[EventCountry "RUS"]
[SourceTitle "CBM 158 Extra"]
[Source "ChessBase"]
[SourceDate "2014.02.28"]
[SourceVersion "1"]
[SourceVersionDate "2014.02.28"]
[SourceQuality "1"]

1. e4 e5 2. Nf3 Nc6 3. Bb5 Nf6 4. Qe2 Bd6 5. 0-0 0-0 6. c4 Re8 7. d3 Bf8 8. h3 d6 9. Ba4 Bd7 10. Bb3 Ne7 11. Nc3 Ng6 12. Nh2 h6 13. Be3 c6 14. Qd2 Nh5 15. Ne2 c5 16. a3 Be7 17. Bc2 Bg5 18. b4 b6 19. bxc5 bxc5 20. Rab1 Nhf4 21. Nf3 Qf6 22. Nxg5 hxg5 23. Kh2 g4 24. Bxf4 exf4 25. d4 gxh3 26. gxh3 f3 27. Ng1 cxd4 28. Rb3 Ne5 29. Bd1 Ba4 30. Rb4 Bxd1 31. Qxd1 d3 32. Rb3 Rac8 33. Qd2 Rxc4 34. Rfb1 Rxe4 0-1

[Event "St Petersburg blitz prelim"]
[Site "St Petersburg"]
[Date "2013.12.22"]
[Round "4"]
[White "Goganov, Aleksey"]
[Black "Ganichev, Alexander"]
[Result "1-0"]
[WhiteElo "2581"]
[BlackElo "2244"]
[PlyCount "55"]
[EventDate "2013.12.22"]
[EventType "swiss (blitz)"]
[EventRounds "11"]
[EventCountry "RUS"]
[SourceTitle "CBM 158 Extra"]
[Source "ChessBase"]
[SourceDate "2014.02.28"]
[SourceVersion "1"]
[SourceVersionDate "2014.02.28"]
[SourceQuality "1"]

1. Nf3 d5 2. g3 Nf6 3. Bg2 c5 4. 0-0 g6 5. d4 cxd4 6. Nxd4 e5 7. Nf3 Nc6 8. c4 Bg7 9. cxd5 Qxd5 10. Qxd5 Nxd5 11. Nxe5 Bxe5 12. Bxd5 Nb4 13. Bb3 0-0 14. Nc3 Bh3 15. Rd1 Rfd8 16. Bg5 Rdc8 17. Rac1 Kg7 18. Bf4 Bxf4 19. gxf4 Bg4 20. f3 Bh3 21. Kf2 a6 22. Ne4 Nc6 23. Nd6 Rc7 24. Nxb7 Rxb7 25. Rxc6 a5 26. Rd2 Rb4 27. Rc7 Rxf4 28. Kg3 1-0

[Event "St Petersburg-ch sf"]
[Site "St Petersburg"]
[Date "2013.01.27"]
[Round "2"]
[White "Ganichev, Alexander"]
[Black "Kashtanov, Ruslan"]
[Result "0-1"]
[WhiteElo "2256"]
[BlackElo "2346"]
[PlyCount "92"]
[EventDate "2013.01.26"]
[EventType "swiss"]
[EventRounds "9"]
[EventCountry "RUS"]
[SourceTitle "CBM 152 Extra"]
[Source "ChessBase"]
[SourceDate "2013.02.25"]
[SourceVersion "1"]
[SourceVersionDate "2013.02.25"]
[SourceQuality "1"]

1. e4 g6 2. d4 Bg7 3. Nc3 d6 4. g3 Nc6 5. Be3 e5 6. d5 Nce7 7. Bg2 f5 8. exf5 Nxf5 9. Bc1 Ngh6 10. Nge2 0-0 11. 0-0 Bd7 12. Qd3 Nf7 13. Ne4 b5 14. Bd2 Rb8 15. c3 Rb6 16. b3 c6 17. dxc6 Bxc6 18. c4 Qa8 19. N2c3 Nd4 20. Nd5 Rb7 21. h4 Qd8 22. Be3 Kh8 23. h5 gxh5 24. f4 bxc4 25. bxc4 Bxd5 26. cxd5 Nf5 27. Bd2 N7h6 28. Ng5 Qb6+ 29. Kh1 Qd4 30. Qxd4 Nxg3+ 31. Kg1 Ne2+ 32. Kh1 Ng3+ 33. Kg1 Ne2+ 34. Kh1 exd4 35. Rf3 Nf5 36. Rd3 Rfb8 37. Re1 Rb1 38. Bh3 Rxe1+ 39. Bxe1 Rb1 40. Bxf5 Rxe1+ 41. Kh2 Nxf4 42. Rb3 Be5 43. Nf7+ Kg7 44. Nxe5 Rxe5 45. Rb7+ Kf6 46. Bxh7 Re7 0-1

[Event "St Petersburg Botvinnik Memorial op"]
[Site "St Petersburg"]
[Date "2012.08.30"]
[Round "6"]
[White "Timofeev, Artyom"]
[Black "Ganichev, Alexander"]
[Result "1-0"]
[WhiteElo "2639"]
[BlackElo "2227"]
[PlyCount "69"]
[EventDate "2012.08.25"]
[EventType "swiss"]
[EventRounds "9"]
[EventCountry "RUS"]
[SourceTitle "CBM 150 Extra"]
[Source "ChessBase"]
[SourceDate "2012.10.19"]
[SourceVersion "1"]
[SourceVersionDate "2012.10.19"]
[SourceQuality "1"]

1. e4 c5 2. Nf3 e6 3. d4 cxd4 4. Nxd4 Nc6 5. Nc3 d6 6. Be3 Nf6 7. Qd2 Be7 8. Be2 a6 9. 0-0-0 0-0 10. f4 Qc7 11. g4 Nxd4 12. Qxd4 b5 13. g5 Nd7 14. f5 Rd8 15. fxe6 fxe6 16. Nd5 exd5 17. Qxd5+ Kh8 18. Qxa8 Nb6 19. Bxb6 Qxb6 20. Qd5 Bb7 21. Qd2 Bxe4 22. Rhg1 d5 23. Bd3 Bc5 24. Rg3 Rf8 25. g6 Bd6 26. Rg4 Bf3 27. Rh4 Bxd1 28. Rxh7+ Kg8 29. Qxd1 Re8 30. Kb1 Qf2 31. Be4 Re5 32. Bxd5+ Kf8 33. Be4 Bc7 34. Rh3 Ke7 35. Rf3 1-0

[Event "St Petersburg Spring op"]
[Site "St Petersburg"]
[Date "2012.03.26"]
[Round "5"]
[White "Tskhadadze, Anna"]
[Black "Ganichev, Alexander"]
[Result "0-1"]
[WhiteElo "1835"]
[BlackElo "2266"]
[PlyCount "46"]
[EventDate "2012.03.22"]
[EventType "swiss"]
[EventRounds "9"]
[EventCountry "RUS"]
[SourceTitle "EXT 2013"]
[Source "ChessBase"]
[SourceDate "2012.11.22"]
[SourceVersion "1"]
[SourceVersionDate "2012.11.22"]
[SourceQuality "1"]

1. Nf3 d5 2. g3 Nf6 3. Bg2 c5 4. 0-0 g6 5. d3 Bg7 6. Nbd2 0-0 7. e4 Nc6 8. c3 dxe4 9. dxe4 Ng4 10. Qc2 Nge5 11. Nb3 Nxf3+ 12. Bxf3 c4 13. Nd2 Ne5 14. Bg2 Be6 15. Nf3 Nd3 16. Be3 Qc7 17. Nd4 Bd7 18. f4 e5 19. Ne2 f5 20. fxe5 fxe4 21. Bxe4 Qxe5 22. Rf4 Rxf4 23. Bxf4 Qxe4 0-1

[Event "St Petersburg Spring op"]
[Site "St Petersburg"]
[Date "2012.03.24"]
[Round "3"]
[White "Aminov, Andrey"]
[Black "Ganichev, Alexander"]
[Result "1-0"]
[WhiteElo "2052"]
[BlackElo "2266"]
[PlyCount "101"]
[EventDate "2012.03.22"]
[EventType "swiss"]
[EventRounds "9"]
[EventCountry "RUS"]
[SourceTitle "EXT 2013"]
[Source "ChessBase"]
[SourceDate "2012.11.22"]
[SourceVersion "1"]
[SourceVersionDate "2012.11.22"]
[SourceQuality "1"]

1. e4 c5 2. Nf3 e6 3. c4 Nc6 4. Be2 Nd4 5. Nxd4 cxd4 6. 0-0 Ne7 7. d3 g6 8. Nd2 Bg7 9. f4 0-0 10. Nf3 d6 11. Qe1 f5 12. e5 Nc6 13. b4 dxe5 14. b5 Nb8 15. fxe5 Nd7 16. Qg3 b6 17. Bg5 Qc7 18. Be7 Nxe5 19. Bxf8 Kxf8 20. Qh4 Kg8 21. Nxe5 Bxe5 22. Bf3 Bb7 23. Bxb7 Qxb7 24. Rae1 Qg7 25. Qh3 Re8 26. Qf3 Qc7 27. g3 Bf6 28. g4 Bg5 29. gxf5 gxf5 30. Qg3 Qxg3+ 31. hxg3 Be3+ 32. Kh2 Kg7 33. a4 Kg6 34. Kg2 e5 35. Kf3 Kg5 36. Ke2 Kg4 37. a5 Rf8 38. Rf3 bxa5 39. Ra1 Rf6 40. Rh1 Rf7 41. c5 a4 42. c6 Rc7 43. Ra1 a6 44. Rxe3 dxe3 45. Rxa4+ Kxg3 46. bxa6 f4 47. a7 f3+ 48. Kxe3 f2 49. a8Q f1Q 50. Qg8+ Kh3 51. Qg4+ 1-0

[Event "St Petersburg-ch sf 85th"]
[Site "St Petersburg"]
[Date "2012.01.31"]
[Round "4.1"]
[White "Malakhov, Igor"]
[Black "Ganichev, Alexander"]
[Result "1-0"]
[WhiteElo "2422"]
[BlackElo "2275"]
[PlyCount "65"]
[EventDate "2012.01.28"]
[EventType "swiss"]
[EventRounds "9"]
[EventCountry "RUS"]
[SourceTitle "CBM 146 Extra"]
[Source "ChessBase"]
[SourceDate "2012.02.29"]
[SourceVersion "1"]
[SourceVersionDate "2012.02.29"]
[SourceQuality "1"]

1. e4 c5 2. Nf3 e6 3. d4 cxd4 4. Nxd4 Nf6 5. Nc3 d6 6. Be3 Be7 7. f4 0-0 8. Qf3 e5 9. Nf5 Bxf5 10. exf5 Nbd7 11. Bc4 Qa5 12. 0-0-0 Rac8 13. Bb3 Rxc3 14. bxc3 Qxc3 15. Kb1 a5 16. Bd2 Qc7 17. fxe5 dxe5 18. Qc3 Nc5 19. Rhe1 a4 20. Bxa4 Qb6+ 21. Bb3 Nfe4 22. Qc4 Nxd2+ 23. Rxd2 e4 24. Rd5 Qa7 25. f6 gxf6 26. Re3 b5 27. Qxb5 Rb8 28. Qe2 Qa3 29. Rg3+ Kf8 30. Qg4 Ke8 31. Qf4 Qb4 32. Rg8+ Bf8 33. Qd6 1-0

[Event "St Petersburg Blockade op"]
[Site "St Petersburg"]
[Date "2011.01.06"]
[Round "4"]
[White "Kozenkov, Valery"]
[Black "Ganichev, Alexander"]
[Result "1/2-1/2"]
[WhiteElo "2110"]
[BlackElo "2178"]
[PlyCount "85"]
[EventDate "2011.01.03"]
[EventType "swiss"]
[EventRounds "9"]
[EventCountry "RUS"]
[SourceTitle "CBM 140 Extra"]
[Source "ChessBase"]
[SourceDate "2011.03.01"]
[SourceVersion "1"]
[SourceVersionDate "2011.03.01"]
[SourceQuality "1"]

1. d4 d5 2. Nf3 Nf6 3. c4 e6 4. Nc3 c6 5. cxd5 exd5 6. Bg5 Nbd7 7. e3 Be7 8. Bd3 0-0 9. 0-0 Re8 10. Qc2 Nf8 11. Rab1 a5 12. a3 Ne4 13. Bxe7 Qxe7 14. Bxe4 dxe4 15. Nd2 f5 16. d5 Ng6 17. dxc6 bxc6 18. Ne2 Ba6 19. Nc4 Ne5 20. Nxe5 Qxe5 21. Rfe1 Bd3 22. Qb3+ Kh8 23. Rbc1 c5 24. Qc3 c4 25. Qxe5 Rxe5 26. Nd4 a4 27. Nc6 Rb5 28. Nb4 Rab8 29. Red1 g5 30. f3 Kg7 31. Kf2 Re8 32. Rd2 Reb8 33. Ke1 h5 34. Rcd1 Kf6 35. fxe4 fxe4 36. Rf2+ Kg7 37. Kd2 Rd8 38. Kc3 Kg6 39. Rdd2 Kg7 40. g3 Kg6 41. h4 Kg7 42. Rd1 Kg6 43. Rdd2 1/2-1/2

[Event "St Petersburg Blockade op"]
[Site "St Petersburg"]
[Date "2011.01.04"]
[Round "2"]
[White "Mikhailov, Ivan"]
[Black "Ganichev, Alexander"]
[Result "0-1"]
[WhiteElo "1978"]
[BlackElo "2178"]
[PlyCount "32"]
[EventDate "2011.01.03"]
[EventType "swiss"]
[EventRounds "9"]
[EventCountry "RUS"]
[SourceTitle "CBM 140 Extra"]
[Source "ChessBase"]
[SourceDate "2011.03.01"]
[SourceVersion "1"]
[SourceVersionDate "2011.03.01"]
[SourceQuality "1"]

1. d4 d5 2. c4 e6 3. cxd5 exd5 4. Nc3 c6 5. Nf3 Nf6 6. Bg5 Bf5 7. Qb3 Nbd7 8. Qxb7 Rb8 9. Qxc6 Rxb2 10. Bxf6 gxf6 11. Nh4 Rb6 12. Qxd5 Qc8 13. Rc1 Rb1 14. Rxb1 Qxc3+ 15. Kd1 Qc2+ 16. Ke1 Bb4+ 0-1

[Event "St Petersburg Blockade op"]
[Site "St Petersburg"]
[Date "2011.01.03"]
[Round "1"]
[White "Ganichev, Alexander"]
[Black "Timirev, Sergey"]
[Result "1-0"]
[WhiteElo "2178"]
[BlackElo "1875"]
[PlyCount "69"]
[EventDate "2011.01.03"]
[EventType "swiss"]
[EventRounds "9"]
[EventCountry "RUS"]
[SourceTitle "CBM 140 Extra"]
[Source "ChessBase"]
[SourceDate "2011.03.01"]
[SourceVersion "1"]
[SourceVersionDate "2011.03.01"]
[SourceQuality "1"]

1. e4 c5 2. Nf3 Nc6 3. Nc3 e5 4. Bc4 Be7 5. d3 Nf6 6. Nd2 d6 7. Nf1 Bg4 8. Qd2 Nd4 9. Ne3 Bd7 10. a4 h6 11. 0-0 0-0 12. f4 exf4 13. Rxf4 Nh5 14. Rf1 Bg5 15. Ncd5 Ne6 16. Qf2 Nef4 17. Nxf4 Bxf4 18. Kh1 Be6 19. g4 Bxe3 20. Bxe3 Nf6 21. Bxe6 fxe6 22. g5 Ng4 23. Qg3 h5 24. Bd2 Qe7 25. Bf4 Rad8 26. h3 Ne5 27. Bxe5 dxe5 28. Qxe5 Rxf1+ 29. Rxf1 Rf8 30. Rxf8+ Kxf8 31. g6 Kg8 32. Qb8+ Qf8 33. Qxf8+ Kxf8 34. e5 Ke7 35. Kg2 1-0

[Event "Kostroma Volga Cup op"]
[Site "Kostroma"]
[Date "2010.07.??"]
[Round "7"]
[White "Ganichev, Alexander"]
[Black "Demidov, Alexandr"]
[Result "1-0"]
[WhiteElo "2116"]
[BlackElo "2250"]
[PlyCount "71"]
[EventDate "2010.07.??"]
[EventType "swiss"]
[EventRounds "9"]
[EventCountry "RUS"]
[SourceTitle "EXT 2011"]
[Source "ChessBase"]
[SourceDate "2010.11.26"]
[SourceVersion "1"]
[SourceVersionDate "2010.11.26"]
[SourceQuality "1"]

1. e4 e5 2. Nf3 Nc6 3. Bb5 Nge7 4. 0-0 g6 5. c3 Bg7 6. d4 exd4 7. cxd4 a6 8. Ba4 b5 9. Bb3 Na5 10. Bc2 Bb7 11. Nc3 0-0 12. Re1 d5 13. e5 Bc8 14. Bg5 Be6 15. a3 Qd7 16. Bf6 Kh8 17. Ng5 Ng8 18. Qf3 Nc6 19. Qf4 h6 20. h4 Bxf6 21. exf6 Rad8 22. h5 Bf5 23. hxg6 fxg6 24. Bxf5 Qxf5 25. Qxf5 gxf5 26. Ne6 Nxf6 27. Nxd8 Rxd8 28. Re6 Rd6 29. Rxd6 cxd6 30. Ne2 Ne7 31. Rc1 Ne8 32. Nf4 Kg7 33. Ne6+ Kf6 34. Nc7 Nxc7 35. Rxc7 f4 36. Ra7 1-0

[Event "Kostroma Volga Cup op"]
[Site "Kostroma"]
[Date "2010.07.??"]
[Round "1"]
[White "Ganichev, Alexander"]
[Black "Sokolov, Oleg"]
[Result "1-0"]
[WhiteElo "2116"]
[BlackElo "1642"]
[PlyCount "61"]
[EventDate "2010.07.??"]
[EventType "swiss"]
[EventRounds "9"]
[EventCountry "RUS"]
[SourceTitle "EXT 2011"]
[Source "ChessBase"]
[SourceDate "2010.11.26"]
[SourceVersion "1"]
[SourceVersionDate "2010.11.26"]
[SourceQuality "1"]

1. e4 e5 2. Nf3 Nc6 3. Bb5 a6 4. Ba4 Nf6 5. Qe2 b5 6. Bb3 d6 7. c3 Bb7 8. 0-0 Be7 9. d4 0-0 10. Rd1 exd4 11. cxd4 Na5 12. Bc2 h6 13. e5 Nh7 14. Bxh6 Bxf3 15. Qxf3 gxh6 16. Qf5 Ng5 17. f4 Qc8 18. Qd3 Nh3+ 19. gxh3 f5 20. exf6 Rxf6 21. Qh7+ Kf8 22. Re1 Qe8 23. Nc3 c6 24. Kh1 Qf7 25. Qh8+ Qg8 26. Qxg8+ Kxg8 27. Rxe7 Rxf4 28. Rg1+ Kf8 29. Rh7 Re8 30. Rh8+ Ke7 31. Re1+ 1-0

[Event "Kostroma Volga Cup op"]
[Site "Kostroma"]
[Date "2010.07.??"]
[Round "5"]
[White "Ganichev, Alexander"]
[Black "Tilicheev, Viacheslav"]
[Result "0-1"]
[WhiteElo "2116"]
[BlackElo "2361"]
[PlyCount "88"]
[EventDate "2010.07.??"]
[EventType "swiss"]
[EventRounds "9"]
[EventCountry "RUS"]
[SourceTitle "EXT 2011"]
[Source "ChessBase"]
[SourceDate "2010.11.26"]
[SourceVersion "1"]
[SourceVersionDate "2010.11.26"]
[SourceQuality "1"]

1. e4 c5 2. Nf3 d6 3. d4 cxd4 4. Nxd4 Nf6 5. Nc3 Nc6 6. Bg5 e6 7. Qd2 a6 8. 0-0-0 Bd7 9. f4 b5 10. Nxc6 Bxc6 11. Bd3 h6 12. Bxf6 Qxf6 13. Rhe1 g5 14. Nd5 Bxd5 15. exd5 Bg7 16. c3 gxf4 17. dxe6 fxe6 18. Be4 Rd8 19. Bc6+ Ke7 20. Re4 h5 21. Rde1 e5 22. Qf2 Kf8 23. Bd5 Rd7 24. Qb6 Bh6 25. Kb1 Kg7 26. Qxa6 Rb8 27. a4 bxa4 28. Qxa4 Qe7 29. b4 Ra7 30. Qb3 Qc7 31. Kb2 Qb6 32. Rf1 Rc8 33. Be6 Rcc7 34. Bd5 f3 35. gxf3 Bd2 36. Rc4 Qe3 37. b5 Rxc4 38. Bxc4 d5 39. Bxd5 Bxc3+ 40. Qxc3 Qe2+ 41. Kb3 Qxb5+ 42. Kc2 Qe2+ 43. Kb3 Qa2+ 44. Kb4 Qa4+ 0-1

[Event "Kostroma Volga Cup op"]
[Site "Kostroma"]
[Date "2010.07.??"]
[Round "6"]
[White "Kozhevnikov, Ivan"]
[Black "Ganichev, Alexander"]
[Result "0-1"]
[WhiteElo "1942"]
[BlackElo "2116"]
[PlyCount "92"]
[EventDate "2010.07.??"]
[EventType "swiss"]
[EventRounds "9"]
[EventCountry "RUS"]
[SourceTitle "EXT 2011"]
[Source "ChessBase"]
[SourceDate "2010.11.26"]
[SourceVersion "1"]
[SourceVersionDate "2010.11.26"]
[SourceQuality "1"]

1. d4 d5 2. c4 e6 3. Nc3 c6 4. Nf3 Nf6 5. Bg5 dxc4 6. a4 Bb4 7. Qc2 Nbd7 8. Nd2 h6 9. Bh4 0-0 10. e3 b5 11. axb5 Bxc3 12. bxc3 cxb5 13. e4 e5 14. d5 Qc7 15. Be2 Qc5 16. 0-0 Ne8 17. Kh1 g5 18. Bg3 Nd6 19. f3 Qc7 20. Bf2 Nc5 21. g3 f5 22. Bxc5 Qxc5 23. f4 Nxe4 24. Nxe4 fxe4 25. fxg5 Bb7 26. Rad1 Bxd5 27. gxh6 Rxf1+ 28. Bxf1 Rf8 29. Qe2 e3+ 30. Bg2 Bxg2+ 31. Qxg2 Qe7 32. Qe4 Qf6 33. Qxe3 Qf3+ 34. Qxf3 Rxf3 35. Rc1 Rf2 36. g4 a5 37. Rb1 a4 38. g5 a3 39. g6 a2 40. Rd1 Rd2 41. Rxd2 a1Q+ 42. Kg2 Qa8+ 43. Kg3 Qf8 44. h7+ Kg7 45. Rf2 Qe8 46. Rf7+ Kxg6 0-1

[Event "Kostroma Volga Cup op"]
[Site "Kostroma"]
[Date "2010.07.??"]
[Round "2"]
[White "Svetlov, Dmitry"]
[Black "Ganichev, Alexander"]
[Result "1/2-1/2"]
[WhiteElo "2428"]
[BlackElo "2116"]
[PlyCount "73"]
[EventDate "2010.07.??"]
[EventType "swiss"]
[EventRounds "9"]
[EventCountry "RUS"]
[SourceTitle "EXT 2011"]
[Source "ChessBase"]
[SourceDate "2010.11.26"]
[SourceVersion "1"]
[SourceVersionDate "2010.11.26"]
[SourceQuality "1"]

1. Nf3 d5 2. c4 d4 3. e4 c5 4. d3 Nc6 5. Be2 e5 6. 0-0 Bd6 7. Ne1 Nge7 8. Bg4 0-0 9. a3 a6 10. Nd2 Bxg4 11. Qxg4 Qc8 12. Qe2 Qe6 13. Nc2 b5 14. a4 bxa4 15. Rxa4 Rfb8 16. g3 Nc8 17. Kh1 Nb6 18. Ra3 Kh8 19. Ne1 Nb4 20. Ndf3 Be7 21. Nxe5 Qxe5 22. Bf4 Qe6 23. Bxb8 Rxb8 24. Nc2 Nd7 25. Rfa1 Rb6 26. Ra5 Nb8 27. Nxb4 Rxb4 28. R5a4 Rb6 29. R4a3 g6 30. Qc2 Qc6 31. Rb3 Qb7 32. Rxb6 Qxb6 33. f4 Nc6 34. e5 Nb4 35. Qe2 Qc6+ 36. Kg1 Kg7 37. b3 1/2-1/2

[Event "World Youth Stars 8th"]
[Site "Kirishi"]
[Date "2010.05.18"]
[Round "9"]
[White "Sethuraman, SP."]
[Black "Ganichev, Alexander"]
[Result "1-0"]
[WhiteElo "2493"]
[BlackElo "2126"]
[PlyCount "55"]
[EventDate "2010.05.09"]
[EventType "tourn"]
[EventRounds "11"]
[EventCountry "RUS"]
[EventCategory "7"]
[SourceTitle "CBM 136 Extra"]
[Source "ChessBase"]
[SourceDate "2010.07.02"]
[SourceVersion "2"]
[SourceVersionDate "2010.07.15"]
[SourceQuality "1"]

1. e4 c5 2. Nf3 e6 3. d4 cxd4 4. Nxd4 Nc6 5. Nc3 d6 6. Be3 Nf6 7. f3 Be7 8. Qd2 a6 9. g4 0-0 10. 0-0-0 Nxd4 11. Qxd4 b5 12. g5 Nd7 13. h4 Qa5 14. Kb1 b4 15. Ne2 Nc5 16. Bd2 Qc7 17. Bxb4 Rb8 18. Qc3 Qb7 19. Bxc5 dxc5 20. Nf4 Re8 21. Bc4 Bf8 22. h5 Qc7 23. Nd3 Bd7 24. Ne5 Bc6 25. g6 fxg6 26. hxg6 h6 27. Nf7 Qb7 28. b3 1-0

[Event "World Youth Stars 8th"]
[Site "Kirishi"]
[Date "2010.05.13"]
[Round "5"]
[White "Kashlinskaya, Alina"]
[Black "Ganichev, Alexander"]
[Result "1/2-1/2"]
[WhiteElo "2346"]
[BlackElo "2126"]
[PlyCount "61"]
[EventDate "2010.05.09"]
[EventType "tourn"]
[EventRounds "11"]
[EventCountry "RUS"]
[EventCategory "7"]
[SourceTitle "CBM 136 Extra"]
[Source "ChessBase"]
[SourceDate "2010.07.02"]
[SourceVersion "2"]
[SourceVersionDate "2010.07.15"]
[SourceQuality "1"]

1. d4 Nf6 2. c4 g6 3. Nf3 Bg7 4. g3 0-0 5. Bg2 d5 6. cxd5 Nxd5 7. 0-0 Nb6 8. Nc3 Nc6 9. e3 Re8 10. d5 Na5 11. Nd4 Bd7 12. e4 c6 13. Re1 cxd5 14. exd5 Rc8 15. Bf4 Nac4 16. b3 Nd6 17. Qd2 Bf5 18. Rac1 Rxc3 19. Rxc3 Bxd4 20. Qxd4 Nb5 21. Qe5 f6 22. Qe3 Nxc3 23. Qxc3 Nxd5 24. Qc4 e6 25. Rd1 Qe7 26. Bxd5 exd5 27. Qxd5+ Qe6 28. Be3 Qxd5 29. Rxd5 a6 30. b4 Rc8 31. Rc5 1/2-1/2